00442 2200169 4500001002100000005001500021035002000036245004400056100002400100250001700124300002900141260003600170082001000206084001600216020002200232650001800254INLIS00000000000039320240616054203 a0010-06240001021 aBintang Minahasa /cTaulu, Harsevien M.0 aTaulu, Harsevien M. acetakan ke-9 a140 hlm :bilus ;c21 cm aJakarta :bBalai Pustaka,c2007 a398.2 a398.2 TAU b a978-979-407-071-8 4aCerita Rakyat